[Event "64.Camp. Veneto Quarti di Finale"]
[Site "Arquà Petrarca ITA"]
[Date "2004.05.16"]
[Round "6.18"]
[White "Valentini, Paola"]
[Black "Negro, Raffaele"]
[Result "1/2-1/2"]
[WhiteElo "1808"]
[BlackElo "1751"]
[Annotator "Gabriele Ballarin"]
[PlyCount "134"]
[EventDate "2004.05.08"]
[EventType "swiss"]
[EventRounds "6"]
[EventCountry "ITA"]

1. c4 d6 2. g3 f5 3. Bg2 Nf6 4. d3 g6 5. Nf3 Bg7 6. Nc3 e5 7. O-O O-O 8. Bd2 c6 9. Rb1 Na6 10. b4 Nc7 11. b5 Bd7 12. a4 Ne6 13. e3 Nc5 14. d4 exd4 15. Nxd4 Nce4 16. bxc6 bxc6 17. f3 Nxd2 18. Qxd2 Qc7 19. Rfd1 Rfe8 20. Nde2 Bf8 21. Qd4 Nh5 22. e4 Be6 23. exf5 gxf5 24. Qh4 Ng7 25. Qd4 Qf7 26. c5 dxc5 27. Qd3 Bc4 28. Qc2 Qe6 29. Nf4 Qe3+ 30. Kh1 Rad8 31. h4 Bd6 32. Rxd6 Rxd6 33. Nd1 Qd4 34. Nf2 Bf7 35. N2d3 c4 36. Nf2 c3 37. N2d3 c5 38. Rd1 c4 39. Nf2 Qc5 40. Rxd6 Qxd6 41. Qxc3 Qc5 42. N2h3 h6 43. Qf6 c3 44. Qxh6 c2 45. Nd3 Qe3 46. Ng5 c1=Q+ 47. Nxc1 Qxc1+ 48. Kh2 Qc3 49. f4 Re2 50. Qd6 Qb2 51. Qc6 Rxg2+ 52. Qxg2 Qxg2+ 53. Kxg2 a5 54. Nxf7 Kxf7 55. Kf3 Ke6 56. g4 fxg4+ 57. Kxg4 Nf5 58. Kg5 Ng3 59. Kg4 Ne4 60. f5+ Kf6 61. Kf4 Nd6 62. h5 Nxf5 63. Ke4 Ke6 64. Kd3 Nd6 65. Kd4 Nb7 66. Kc4 Nd6+ 67. Kc5 Ne4+ 1/2-1/2

[Event "64.Camp. Veneto Quarti di Finale"]
[Site "Arquà Petrarca ITA"]
[Date "2004.04.16"]
[Round "6.19"]
[White "Pomaro, Alberto"]
[Black "Ferrari, Mario"]
[Result "1-0"]
[WhiteElo "1670"]
[BlackElo "1759"]
[Annotator "Gabriele Ballarin"]
[PlyCount "105"]
[EventDate "2004.05.08"]
[EventType "swiss"]
[EventRounds "6"]
[EventCountry "ITA"]

1. d4 Nf6 2. c4 c5 3. d5 b5 4. cxb5 a6 5. e3 Bb7 6. Nc3 g6 7. Nf3 axb5 8. Bxb5 Bg7 9. O-O O-O 10. e4 d6 11. Ne1 Ba6 12. f3 Bxb5 13. Nxb5 Qb6 14. Nc3 Nbd7 15. Kh1 Rfc8 16. Nc2 c4 17. a3 Nc5 18. Nb4 Nfd7 19. Be3 Qb7 20. Qc2 Ne5 21. Bxc5 Rxc5 22. Ne2 Rb8 23. Nc1 Qb5 24. Rd1 Rbc8 25. Nca2 Nd3 26. Nc3 Nxb4 27. axb4 Qxb4 28. Ra7 R5c7 29. Ra4 Qb6 30. Rda1 Qe3 31. Qc1 Qf2 32. Ra8 h5 33. Rxc8+ Rxc8 34. Rb1 h4 35. Qe1 Qc2 36. Qd1 Qf2 37. Qe1 Qb6 38. Qd2 Qb3 39. Qe1 Rb8 40. Nd1 c3 41. Ne3 cxb2 42. Nd1 Ra8 43. Nxb2 Bxb2 44. Qxh4 Ra1 45. Rxa1 Bxa1 46. h3 Qe3 47. Qg4 Bd4 48. Kh2 Be5+ 49. g3 Qf2+ 50. Kh1 Bxg3 51. Qc8+ Kg7 52. Qc3+ Kf8 53. Qh8# 1-0

[Event "64.Camp. Veneto Quarti di Finale"]
[Site "Arquà Petrarca ITA"]
[Date "2004.05.16"]
[Round "6.20"]
[White "Navarro, Tommaso"]
[Black "Danese, Aldo"]
[Result "1-0"]
[WhiteElo "1685"]
[BlackElo "1760"]
[Annotator "Gabriele Ballarin"]
[PlyCount "83"]
[EventDate "2004.05.08"]
[EventType "swiss"]
[EventRounds "6"]
[EventCountry "ITA"]

1. e4 b6 2. d4 Bb7 3. Nc3 e6 4. Bd3 Bb4 5. Nge2 Ne7 6. Bf4 O-O 7. O-O Bxc3 8. Nxc3 a6 9. Qg4 f5 10. Qg3 d6 11. e5 d5 12. Bg5 Qe8 13. h4 Kh8 14. Ne2 Nd7 15. h5 Ng8 16. Nf4 Rf7 17. Qh3 Nf8 18. Ng6+ hxg6 19. hxg6+ Nh6 20. gxf7 Qxf7 21. Be2 Qg6 22. f4 Qh7 23. Rf3 c5 24. c3 cxd4 25. cxd4 Rc8 26. Rc3 Rxc3 27. Qxc3 a5 28. Be7 Ng6 29. Qc7 Ng8 30. Bg5 Nxf4 31. Bxf4 Qh4 32. Rf1 g5 33. Be3 Qe4 34. Qc3 f4 35. Bxf4 gxf4 36. Qh3+ Kg7 37. Qg4+ Kh7 38. Rxf4 Qe3+ 39. Kh2 Nh6 40. Qf3 Qd2 41. Bd3+ Kg7 42. Qg3+ 1-0

[Event "64.Camp. Veneto Quarti di Finale"]
[Site "Arquà Petrarca ITA"]
[Date "2004.05.16"]
[Round "6.21"]
[White "Bettera, Roberto"]
[Black "Bettella, Michele"]
[Result "1-0"]
[WhiteElo "1919"]
[BlackElo "1682"]
[Annotator "Roberto Bettera"]
[PlyCount "73"]
[EventDate "2004.05.08"]
[EventType "swiss"]
[EventRounds "6"]
[EventCountry "ITA"]

1. d4 d5 2. Nf3 Nf6 3. e3 e6 4. Bd3 Be7 5. Nbd2 O-O 6. c3 b6 7. Ne5 Bb7 8. O-O c5 9. f4 Nbd7 10. Qf3 cxd4 11. exd4 a6 12. Qh3 b5 13. f5 exf5 14. Bxf5 Nb6 15. Re1 Qc7 16. Bd3 b4 17. Nf1 bxc3 18. bxc3 Na4 19. Bd2 Rac8 20. Rac1 Ba3 21. Rc2 Rb8 22. Ng3 Nb2 23. Bf5 Bc8 24. Bg5 Bxf5 25. Nxf5 Ne8 26. Bf4 Bd6 27. Nxd6 Nxd6 28. Nd7 Rfe8 29. Rf1 Rb5 30. Nf6+ Kf8 31. Nxe8 Kxe8 32. Qg3 Nbc4 33. Qxg7 Qe7 34. Bg5 Qe4 35. Rcf2 Rb1 36. Rxf7 Rxf1+ 37. Rxf1 1-0

[Event "64.Camp. Veneto Quarti di Finale"]
[Site "Arquà Petrarca ITA"]
[Date "2004.04.16"]
[Round "6.22"]
[White "Vastano, Ciro"]
[Black "Drezzadore, Dario"]
[Result "0-1"]
[WhiteElo "1700"]
[BlackElo "1667"]
[Annotator "Gabriele Ballarin"]
[PlyCount "74"]
[EventDate "2004.05.08"]
[EventType "swiss"]
[EventRounds "6"]
[EventCountry "ITA"]

1. e4 c5 2. Nf3 d6 3. d4 cxd4 4. Nxd4 Nf6 5. Nc3 e6 6. f4 a6 7. Be2 Be7 8. O-O Qc7 9. Kh1 Nc6 10. Be3 b5 11. a3 Bb7 12. Qe1 O-O 13. Qg3 Kh8 14. Bd3 Na5 15. e5 Nd5 16. Nxd5 Bxd5 17. f5 exf5 18. Nf3 Nc4 19. Bh6 gxh6 20. Bxc4 Bxc4 21. Rfe1 dxe5 22. Nxe5 Bd6 23. Qc3 f6 24. Nf3 Bd5 25. Qd3 Be4 26. Qe3 Bf4 27. Qb3 Qxc2 28. Qxc2 Bxc2 29. Re7 Be4 30. Rd1 Rad8 31. Rdd7 Rxd7 32. Rxd7 Rc8 33. Kg1 Rc1+ 34. Kf2 Rc2+ 35. Ke1 Bxf3 36. gxf3 Rxb2 37. Rd6 Bxd6 0-1

[Event "64.Camp. Veneto Quarti di Finale"]
[Site "Arquà Petrarca ITA"]
[Date "2004.04.16"]
[Round "6.23"]
[White "Maniero, Riccardo"]
[Black "Biagioli, Valerio"]
[Result "1-0"]
[WhiteElo "1874"]
[BlackElo "1625"]
[Annotator "Gabriele Ballarin"]
[PlyCount "71"]
[EventDate "2004.05.08"]
[EventType "swiss"]
[EventRounds "6"]
[EventCountry "ITA"]

1. e4 e6 2. d4 d5 3. Nc3 Bb4 4. e5 c5 5. a3 cxd4 6. axb4 dxc3 7. Qg4 Ne7 8. Nf3 Qc7 9. Bd3 Nbc6 10. O-O cxb2 11. Bxb2 Ng6 12. b5 Nce7 13. Rfe1 Bd7 14. Ba3 f5 15. Qg5 h6 16. Qh5 O-O 17. Bd6 Qd8 18. Ra4 Be8 19. Qh3 Rf7 20. Qg3 Rf8 21. Nh4 Kh7 22. Rea1 Nxh4 23. Qxh4 g5 24. Qb4 Rf7 25. Rxa7 Rxa7 26. Rxa7 Ng6 27. b6 Nf4 28. Bc7 Nxd3 29. cxd3 Qc8 30. Qa5 Bc6 31. Ra8 Qd7 32. Rd8 Qe7 33. Qa8 Qc5 34. Rh8+ Kg6 35. Qg8+ Rg7 36. Qxe6+ 1-0

[Event "64.Camp. Veneto Quarti di Finale"]
[Site "Arquà Petrarca ITA"]
[Date "2004.05.16"]
[Round "6.24"]
[White "Palumbo, Giuseppe"]
[Black "Chiesa, Roberto"]
[Result "1-0"]
[WhiteElo "1610"]
[BlackElo "1700"]
[Annotator "Gabriele Ballarin"]
[PlyCount "147"]
[EventDate "2004.05.08"]
[EventType "swiss"]
[EventRounds "6"]
[EventCountry "ITA"]

1. e4 e6 2. d4 d5 3. Nd2 c5 4. exd5 Qxd5 5. dxc5 Bxc5 6. Ngf3 Nf6 7. Bc4 Qd6 8. O-O O-O 9. a3 Nbd7 10. b4 Bb6 11. Bb2 a6 12. Qe2 Bc7 13. Rad1 Qe7 14. Ne4 b5 15. Bd3 Bb7 16. Rfe1 Nxe4 17. Bxe4 Bxe4 18. Qxe4 Nf6 19. Qh4 Rad8 20. c4 Rxd1 21. Rxd1 Rd8 22. Rc1 h6 23. Bxf6 Qxf6 24. Qxf6 gxf6 25. g3 bxc4 26. Rxc4 Be5 27. Nxe5 fxe5 28. Rc6 Ra8 29. Kg2 e4 30. Kf1 Kg7 31. Ke2 e5 32. g4 a5 33. b5 a4 34. Ra6 Rb8 35. Rxa4 Rxb5 36. Rxe4 f6 37. Kf3 Rb3+ 38. Re3 Rb2 39. h4 Ra2 40. Rb3 Kg6 41. h5+ Kf7 42. Ke3 Ke6 43. f3 Kd6 44. Ke4 Ke6 45. Rd3 Re2+ 46. Re3 Ra2 47. Rc3 Re2+ 48. Kd3 Ra2 49. Kc4 Kd6 50. Rd3+ Kc6 51. Kb4 Rb2+ 52. Rb3 Rd2 53. a4 Rd4+ 54. Ka3 e4 55. fxe4 Rxe4 56. Rb4 Re3+ 57. Kb2 Re5 58. Rf4 Re6 59. Kc3 Kd7 60. Kb4 Ke7 61. a5 Re1 62. Kb5 Rb1+ 63. Rb4 Rf1 64. a6 Ra1 65. Ra4 Rb1+ 66. Kc4 Rb8 67. a7 Ra8 68. Kd5 Kd7 69. Ra6 f5 70. gxf5 Kc7 71. Ke6 Kb7 72. Ra1 Re8+ 73. Kd7 Ra8 74. f6 1-0

[Event "64.Camp. Veneto Quarti di Finale"]
[Site "Arquà Petrarca ITA"]
[Date "2004.04.16"]
[Round "6.25"]
[White "Scarangella, Luca"]
[Black "D'Elia, Alessandro"]
[Result "0-1"]
[WhiteElo "1440"]
[BlackElo "1688"]
[Annotator "Gabriele Ballarin"]
[PlyCount "86"]
[EventDate "2004.05.08"]
[EventType "swiss"]
[EventRounds "6"]
[EventCountry "ITA"]

1. d4 g6 2. Nf3 Bg7 3. e3 d5 4. Nc3 c6 5. Be2 Bf5 6. Bd3 Nh6 7. O-O O-O 8. Na4 Nd7 9. Re1 Bg4 10. h3 Bxf3 11. Qxf3 e5 12. dxe5 Nxe5 13. Qd1 Qa5 14. b3 Nxd3 15. Bd2 Qc7 16. cxd3 Bxa1 17. Qxa1 f6 18. Bc3 Qf7 19. Bb2 Rfe8 20. d4 f5 21. Nc5 b6 22. Nd3 Qe6 23. Qc1 Rac8 24. Ne5 Nf7 25. Nxf7 Kxf7 26. f3 c5 27. Qc3 Qf6 28. Qd2 c4 29. bxc4 Rxc4 30. Rc1 Qc6 31. e4 Rxc1+ 32. Bxc1 Rc8 33. Ba3 Qc3 34. Qxc3 Rxc3 35. Bd6 fxe4 36. fxe4 dxe4 37. a3 b5 38. Kf2 Ke6 39. Bb4 Rb3 40. Bc5 a6 41. Ke2 Kd5 42. Kf2 Rd3 43. Ke2 Rxd4 0-1

[Event "64.Camp. Veneto Quarti di Finale"]
[Site "Arquà Petrarca ITA"]
[Date "2004.04.16"]
[Round "6.26"]
[White "Tescaro, Stefano"]
[Black "Franco, Leopoldo"]
[Result "1-0"]
[WhiteElo "1700"]
[BlackElo "1700"]
[Annotator "Gabriele Ballarin"]
[PlyCount "119"]
[EventDate "2004.05.08"]
[EventType "swiss"]
[EventRounds "6"]
[EventCountry "ITA"]

1. d4 e6 2. Nf3 Nf6 3. Bf4 d6 4. e3 Nbd7 5. Bd3 g6 6. O-O Bg7 7. h3 O-O 8. c3 Nh5 9. Bh2 f5 10. Nbd2 e5 11. h4 e4 12. Bc4+ Kh8 13. Ng5 Nb6 14. Nf7+ Rxf7 15. Bxf7 d5 16. c4 c6 17. c5 Nd7 18. Be6 Qxh4 19. Qb3 Qe7 20. Bxd7 Qxd7 21. Rab1 g5 22. f3 Nf6 23. fxe4 Ng4 24. exf5 Nxh2 25. Kxh2 Bf6 26. g4 Qc7+ 27. Kg2 b6 28. Qa3 b5 29. Rh1 a5 30. Nf3 Qe7 31. b4 Qe4 32. Kg3 a4 33. Nd2 Qe7 34. Qd3 Bd7 35. e4 Bg7 36. e5 Bf8 37. Nf3 h6 38. Rh5 Ra7 39. f6 Qe6 40. Qf5 Qxf5 41. gxf5 Bxf5 42. Rbh1 Bg6 43. Rxh6+ Bxh6 44. Rxh6+ Bh7 45. Nxg5 Kg8 46. Rxh7 Rxh7 47. Nxh7 Kxh7 48. e6 Kg6 49. f7 Kg7 50. Kf4 Kf8 51. Kf5 Ke7 52. Kg6 a3 53. Kg7 Kxe6 54. f8=Q Kd7 55. Qf7+ Kc8 56. Qa7 Kd8 57. Qb7 Ke8 58. Kf6 Kd8 59. Ke6 Ke8 60. Qc8# 1-0

[Event "64.Camp. Veneto Quarti di Finale"]
[Site "Arquà Petrarca ITA"]
[Date "2004.04.16"]
[Round "6.27"]
[White "Crivellaro, Luca"]
[Black "Abazi, Rhui"]
[Result "0-1"]
[WhiteElo "1625"]
[BlackElo "1700"]
[Annotator "Gabriele Ballarin"]
[PlyCount "61"]
[EventDate "2004.05.08"]
[EventType "swiss"]
[EventRounds "6"]
[EventCountry "ITA"]

1. e4 e5 2. Nf3 Nc6 3. Bb5 Qf6 4. Nc3 Nge7 5. d3 h6 6. Be3 a6 7. Ba4 Qg6 8. O-O d6 9. Ne1 Bd7 10. f4 f5 11. exf5 Nxf5 12. Bd2 exf4 13. Rxf4 Be7 14. Nd5 O-O-O 15. Rg4 Qf7 16. Bb3 Be6 17. Nxe7+ Nfxe7 18. Re4 Bxb3 19. axb3 Rhf8 20. Nf3 g5 21. Qe2 g4 22. Nd4 Nxd4 23. Rxd4 Kb8 24. Bxh6 Qf6 25. Be3 Nf5 26. Rf1 Rde8 27. Re4 d5 28. Rxe8+ Rxe8 29. Ba7+ Kxa7 30. Qxe8 Qd4+ 31. Kh1 {Nur} 0-1

[Event "64.Camp. Veneto Quarti di Finale"]
[Site "Arquà Petrarca ITA"]
[Date "2004.04.16"]
[Round "6.28"]
[White "Boscolo, Michele"]
[Black "Bozzao, Francesco"]
[Result "1-0"]
[WhiteElo "1759"]
[BlackElo "1646"]
[Annotator "Gabriele Ballarin"]
[PlyCount "125"]
[EventDate "2004.05.08"]
[EventType "swiss"]
[EventRounds "6"]
[EventCountry "ITA"]

1. d4 Nf6 2. c4 e6 3. Bg5 Be7 4. Nc3 b6 5. Nf3 Bb7 6. e3 O-O 7. Be2 d5 8. O-O h6 9. Bxf6 Bxf6 10. cxd5 exd5 11. Rc1 a6 12. Qb3 Re8 13. Nd2 Qd6 14. Bf3 Rd8 15. Rfd1 Ra7 16. Na4 Ba8 17. Qc2 Qc6 18. Nc3 Qe6 19. Nb3 Nc6 20. a3 Ne7 21. Ne2 g5 22. h3 Ng6 23. Ng3 Nh4 24. Bg4 Qe7 25. Rd3 Bg7 26. Rd2 Rd6 27. Qd3 Rc6 28. Rdc2 Rxc2 29. Rxc2 c6 30. Nf5 Nxf5 31. Qxf5 Rc7 32. Bf3 Bb7 33. Qd3 a5 34. Qd1 Ba6 35. Qc1 Qd6 36. Be2 Bxe2 37. Rxe2 a4 38. Nd2 c5 39. Qc2 cxd4 40. Qxa4 Rc1+ 41. Nf1 Be5 42. Qe8+ Kg7 43. g3 dxe3 44. Rxe3 Bd4 45. Rf3 f6 46. b4 Bb2 47. Kg2 Rc3 48. Ne3 Qc7 49. Nxd5 Qb7 50. Nxc3 Bxc3 51. Qe3 Be5 52. Kg1 Bd4 53. Qe2 Qc8 54. Rd3 Be5 55. Kg2 Qc6+ 56. Qf3 Qc7 57. Qd5 Qc8 58. Qd8 Qxd8 59. Rxd8 Kf7 60. Kf3 h5 61. Ke4 Bb2 62. a4 Ke7 63. Rb8 1-0

[Event "64.Camp. Veneto Quarti di Finale"]
[Site "Arquà Petrarca ITA"]
[Date "2004.05.16"]
[Round "6.29"]
[White "Morganti, Lionello"]
[Black "Barbetta, Cosimo"]
[Result "1-0"]
[WhiteElo "1739"]
[BlackElo "1625"]
[Annotator "Gabriele Ballarin"]
[PlyCount "82"]
[EventDate "2004.05.08"]
[EventType "swiss"]
[EventRounds "6"]
[EventCountry "ITA"]

1. e4 c5 2. Nf3 Nc6 3. Bb5 Qb6 4. Bxc6 Qxc6 5. Qe2 e6 6. c4 Ne7 7. Nc3 Ng6 8. d4 cxd4 9. Nxd4 Qb6 10. Be3 Bb4 11. Qc2 O-O 12. Ndb5 Bxc3+ 13. Qxc3 Qc6 14. Qd4 a6 15. Nd6 e5 16. Qd2 Nf4 17. Bxf4 exf4 18. Qxf4 Qb6 19. Qd2 Qc6 20. Qd5 a5 21. O-O b6 22. Rfd1 Ba6 23. Rac1 Rab8 24. Qd4 Qc5 25. Qxc5 bxc5 26. b3 f6 27. Rd5 Rb6 28. Rcd1 f5 29. Rxf5 a4 30. Rxc5 axb3 31. axb3 Rxb3 32. Rcd5 Rb6 33. c5 Rc6 34. Nf5 Rf7 35. Ra1 Bc8 36. Nd6 Rf8 37. f3 g6 38. Rb1 Kg7 39. Rb8 Ba6 40. Rb6 Ra8 41. Rxc6 dxc6 {Nur} 1-0

[Event "64.Camp. Veneto Quarti di Finale"]
[Site "Arquà Petrarca ITA"]
[Date "2004.05.16"]
[Round "6.30"]
[White "Tresin, Ardilio"]
[Black "Biagioli, Marco Fabrizio"]
[Result "1-0"]
[WhiteElo "1337"]
[BlackElo "1440"]
[Annotator "Gabriele Ballarin"]
[PlyCount "53"]
[EventDate "2004.05.08"]
[EventType "swiss"]
[EventRounds "6"]
[EventCountry "ITA"]

1. d4 d5 2. c4 e6 3. Nc3 Nf6 4. Bg5 Nbd7 5. Nf3 c6 6. cxd5 exd5 7. a3 Be7 8. e3 O-O 9. Bd3 h6 10. Bxf6 Nxf6 11. h3 Re8 12. O-O Bd6 13. Rc1 Bc7 14. Qc2 Qd6 15. Nb5 cxb5 16. Qxc7 Qxc7 17. Rxc7 a6 18. Ne5 Rf8 19. Rfc1 Ne8 20. Rxc8 Rxc8 21. Rxc8 Nf6 22. Rxf8+ Kxf8 23. Bf5 Ne8 24. Nd7+ Ke7 25. Nc5 Nd6 26. Bg4 Kd8 27. b3 1-0

[Event "64.Camp. Veneto Quarti di Finale"]
[Site "Arquà Petrarca ITA"]
[Date "2004.05.16"]
[Round "6.31"]
[White "Scarabello, Luca"]
[Black "Chiodini, Sebastiano"]
[Result "0-1"]
[WhiteElo "1440"]
[BlackElo "1440"]
[Annotator "Gabriele Ballarin"]
[PlyCount "87"]
[EventDate "2004.05.08"]
[EventType "swiss"]
[EventRounds "6"]
[EventCountry "ITA"]

1. e4 e5 2. Bc4 Nf6 3. d3 Nc6 4. Nf3 Bc5 5. Bg5 d6 6. Nbd2 h6 7. Bh4 Ne7 8. Bxf6 gxf6 9. c3 Bg4 10. h3 Bh5 11. g4 Bg6 12. Nh4 d5 13. Nxg6 fxg6 14. exd5 Nxd5 15. Qb3 Nf4 16. Qb5+ c6 17. Qxc5 Qxd3 18. Rg1 Rd8 19. Rd1 Rh7 20. Rg3 Qc2 21. Qe3 Rhd7 22. Bb3 Qxb2 23. Nc4 Rxd1+ 24. Bxd1 Qb1 25. Nd2 Qxa2 26. Nb3 Rxd1+ 27. Kxd1 Qxb3+ 28. Kc1 a5 29. Rf3 g5 30. Qe4 Qd5 31. Qxd5 cxd5 32. Kd2 b5 33. Rg3 Kd7 34. Ke3 a4 35. Rg1 Nxh3 36. Rh1 Nf4 37. Rxh6 Ke6 38. Rh8 e4 39. Rb8 Ke5 40. Rxb5 Ng2+ 41. Ke2 (41. Kd2 Kf4 42. Rxd5 Kxg4 43. Rd4 f5 44. Rxa4 Kf3 45. c4) 41... Kf4 42. Rxd5 Kxg4 43. Rd4 f5 44. Rxa4 {0-1 Scarabello,L-Chiodini,S/Arquà Petrarca ITA 2004} 0-1

[Event "7.Città di Padova Open A"]
[Site "Padova"]
[Date "2004.12.11"]
[Round "1.9"]
[White "Zarpellon, Daniel"]
[Black "Stafie, Constantin"]
[Result "1/2-1/2"]
[WhiteElo "1985"]
[BlackElo "2100"]
[Annotator "Gabriele Ballarin"]
[PlyCount "100"]
[EventDate "2004.12.11"]
[EventType "swiss"]
[EventRounds "6"]
[EventCountry "ITA"]

1. e4 d5 2. exd5 Nf6 3. d4 Nxd5 4. c4 Nf6 5. Nc3 e6 6. Nf3 Be7 7. Bg5 Nbd7 8. Bd3 O-O 9. Ne5 c5 10. Nxd7 Nxd7 11. Bxe7 Qxe7 12. dxc5 Nxc5 13. Bc2 b6 14. O-O Bb7 15. Qh5 f5 16. Rfe1 Rad8 17. Rad1 Qf6 18. Rxd8 Rxd8 19. Rd1 g6 20. Rxd8+ Qxd8 21. Qd1 Qxd1+ 22. Nxd1 e5 23. b4 Ne6 24. Bb3 Kf8 25. Nc3 Nf4 26. g3 Nd3 27. a3 e4 28. Nb5 a5 29. Nd6 axb4 30. axb4 Bc6 31. Nc8 Nxb4 32. Nxb6 Nd3 33. Na4 g5 34. Nc3 Nc5 35. Bc2 Ke7 36. f3 Kf6 37. fxe4 fxe4 38. Kf2 Ke5 39. Ke3 h5 40. h4 gxh4 41. gxh4 Kf5 42. Bd1 Be8 43. Nd5 Bf7 44. Nf4 Bxc4 45. Nxh5 Bf7 46. Ng3+ Ke5 47. Bg4 Bg6 48. Bh5 Bh7 49. Be8 Ne6 50. Bc6 Nf4 1/2-1/2

[Event "7.Città di Padova Open A"]
[Site "Padova"]
[Date "2004.12.12"]
[Round "2.6"]
[White "Stafie, Constantin"]
[Black "Gennari, Leone"]
[Result "1-0"]
[WhiteElo "2100"]
[BlackElo "2079"]
[Annotator "Gabriele Ballarin"]
[PlyCount "67"]
[EventDate "2004.12.11"]
[EventType "swiss"]
[EventRounds "6"]
[EventCountry "ITA"]

1. e4 e6 2. d4 d5 3. Nc3 Bb4 4. Qg4 Ne7 5. Qxg7 Rg8 6. Qxh7 dxe4 7. Qxe4 f5 8. Qh4 Qd5 9. Nf3 Nbc6 10. Bd2 Bxc3 11. bxc3 Bd7 12. Qh5+ Ng6 13. Bd3 O-O-O 14. c4 Qd6 15. c5 Qf8 16. O-O-O Be8 17. Bh6 Nf4 18. Qh4 Nxd3+ 19. Rxd3 Qf7 20. Bg5 Rd7 21. Rhd1 Qg6 22. Qf4 Bf7 23. h4 Qg7 24. Kb1 Bh5 25. c3 Qf7 26. Re1 Bxf3 27. Rxf3 e5 28. Qxf5 Qxf5+ 29. Rxf5 exd4 30. cxd4 Nxd4 31. Rfe5 b6 32. Re8+ Rxe8 33. Rxe8+ Kb7 34. Rd8 1-0

[Event "7.Città di Padova Open A"]
[Site "Padova"]
[Date "2004.12.12"]
[Round "3.1"]
[White "Lain, Luigi"]
[Black "Dervishi, Erald"]
[Result "0-1"]
[WhiteElo "2262"]
[BlackElo "2502"]
[Annotator "Gabriele Ballarin"]
[PlyCount "160"]
[EventDate "2004.12.11"]
[EventType "swiss"]
[EventRounds "6"]
[EventCountry "ITA"]

1. d4 Nf6 2. c4 e6 3. Nc3 d5 4. Bg5 Be7 5. e3 O-O 6. cxd5 exd5 7. Bd3 Nbd7 8. Nge2 Re8 9. O-O c6 10. Qc2 Nf8 11. f3 Be6 12. e4 dxe4 13. fxe4 Rc8 14. Rad1 c5 15. Bb5 Bd7 16. Bxf6 Bxf6 17. dxc5 Rxc5 18. Bxd7 Nxd7 19. Qa4 Rc6 20. Qxa7 Qc8 21. Qf2 Ne5 22. Ng3 g6 23. Nge2 Bg7 24. Nd5 Rc2 25. Rc1 Rxc1 26. Rxc1 Qg4 27. Rc7 Qxe4 28. Nec3 Qd3 29. Nb4 Qd6 30. Rxb7 Qe6 31. h3 Qc8 32. Ra7 Qc4 33. Rb7 Nd3 34. Qxf7+ Qxf7 35. Rxf7 Nxb4 36. Rb7 Nd3 37. g4 Nxb2 38. Nd5 Nd3 39. a3 Ra8 40. Rb3 Nc5 41. Rf3 Bb2 42. Kg2 Rxa3 43. Nf6+ Kh8 44. Rf1 Bxf6 45. Rxf6 Kg7 46. Rf4 g5 47. Rc4 Ne6 48. h4 gxh4 49. Rb4 Ng5 50. Kh2 Ra2+ 51. Kh1 h3 52. Rf4 Kg6 53. Kg1 Rg2+ 54. Kh1 Ra2 55. Kg1 h2+ 56. Kh1 Nh3 57. Rf3 Nf2+ 58. Kxh2 Nxg4+ 59. Kg3 Kg5 60. Rb3 Ra5 61. Kh3 h5 62. Rf3 Re5 63. Rf8 Re3+ 64. Kg2 Re2+ 65. Kf1 Ra2 66. Kg1 h4 67. Rf3 Ne5 68. Rf8 h3 69. Rg8+ Kh4 70. Rh8+ Kg3 71. Kf1 Nc4 72. Ke1 h2 73. Kd1 h1=Q+ 74. Rxh1 Ra1+ 75. Ke2 Rxh1 76. Kd3 Kf4 77. Kd4 Re1 78. Kd5 Nb6+ 79. Kd6 Kf5 80. Kc5 Rd1 {Nur} 0-1

[Event "7.Città di Padova Open A"]
[Site "Padova"]
[Date "2004.12.12"]
[Round "3.3"]
[White "Giancotti, Eraldo"]
[Black "Stafie, Constantin"]
[Result "1/2-1/2"]
[WhiteElo "2093"]
[BlackElo "2100"]
[Annotator "Gabriele Ballarin"]
[PlyCount "110"]
[EventDate "2004.12.11"]
[EventType "swiss"]
[EventRounds "6"]
[EventCountry "ITA"]

1. d4 d5 2. Nf3 Nf6 3. e3 e6 4. Bd3 c5 5. c3 Nc6 6. Nbd2 Be7 7. O-O O-O 8. Ne5 Bd6 9. f4 g6 10. g4 Ne8 11. g5 Bxe5 12. dxe5 b6 13. Rf3 h5 14. gxh6 Qh4 15. Qf1 Qxh6 16. Rh3 Qg7 17. Nf3 f6 18. Rg3 Ne7 19. Qg2 Kf7 20. exf6 Nxf6 21. Ne5+ Ke8 22. Bxg6+ Nxg6 23. Rxg6 Qh7 24. Rg7 Qxg7 25. Qxg7 Rg8 26. Qg5 Rxg5+ 27. fxg5 Ne4 28. h4 Ba6 29. b3 Ke7 30. Bb2 Kd6 31. c4 Rg8 32. Rf1 Nxg5 33. hxg5 Rxg5+ 34. Kh2 Rxe5 35. Bxe5+ Kxe5 36. Rf4 b5 37. cxb5 Bxb5 38. Kg3 Bd3 39. Ra4 a6 40. Kf2 Kd6 41. Ke1 e5 42. Rh4 d4 43. Kd2 e4 44. Rh6+ Kc7 45. Rh5 Kc6 46. Rh8 Bb1 47. a3 Bd3 48. Rd8 Kc7 49. Rd5 Kc6 50. Rg5 Kd6 51. b4 cxb4 52. axb4 dxe3+ 53. Kxe3 Kc6 54. Kd4 Kb6 55. Rc5 Bb1 1/2-1/2

[Event "7.Città di Padova Open A"]
[Site "Padova"]
[Date "2004.12.12"]
[Round "3.8"]
[White "Roberti, Ignazio"]
[Black "Quaranta, Cristiano"]
[Result "1-0"]
[WhiteElo "1960"]
[BlackElo "2091"]
[Annotator "Gabriele Ballarin"]
[PlyCount "63"]
[EventDate "2004.12.11"]
[EventType "swiss"]
[EventRounds "6"]
[EventCountry "ITA"]

1. e4 c5 2. Nf3 Nc6 3. d4 cxd4 4. Nxd4 g6 5. c4 Bg7 6. Be3 Nf6 7. Nc3 d6 8. Be2 O-O 9. O-O Nd7 10. Qd2 Nxd4 11. Bxd4 a5 12. b3 Nc5 13. Rad1 Bxd4 14. Qxd4 Bd7 15. e5 Ne6 16. Qd2 Bc6 17. exd6 Qxd6 18. Qxd6 exd6 19. Rxd6 Nf4 20. f3 Rfe8 21. Kf2 Re5 22. Rfd1 Rae8 23. Rd8 Nxe2 24. Rxe8+ Bxe8 25. Nxe2 b5 26. Rd5 Rxd5 27. cxd5 Kf8 28. Ke3 Ke7 29. Kd4 Kd6 30. g4 f6 31. Ng3 f5 32. gxf5 1-0

[Event "7.Città di Padova Open A"]
[Site "Padova"]
[Date "2004.12.18"]
[Round "4.5"]
[White "Stafie, Constantin"]
[Black "Giuriati, Paolo"]
[Result "1-0"]
[WhiteElo "2100"]
[BlackElo "2190"]
[Annotator "Gabriele Ballarin"]
[PlyCount "93"]
[EventDate "2004.12.11"]
[EventType "swiss"]
[EventRounds "6"]
[EventCountry "ITA"]

1. e4 c6 2. d4 d5 3. Nc3 dxe4 4. Nxe4 Bf5 5. Ng3 Bg6 6. h4 h6 7. h5 Bh7 8. Bc4 e6 9. Bf4 Nf6 10. c3 Be7 11. Nf3 Nbd7 12. Qe2 O-O 13. O-O Nd5 14. Bd2 Qc7 15. Ne5 Nxe5 16. dxe5 Rad8 17. Rae1 Nb6 18. Bb3 Kh8 19. f4 Bd3 20. Qg4 Bxf1 21. Nxf1 Nd7 22. Kh1 Nc5 23. Bc2 Nd3 24. Re2 Qb6 25. Qf3 Qa6 26. Qe4 c5 27. Ne3 Rd7 28. Nc4 Rfd8 29. Be3 Qc6 30. Qxc6 bxc6 31. Ba4 f6 32. Bxc6 Rc7 33. Be4 f5 34. Bf3 Bh4 35. Rd2 Ne1 36. Rxd8+ Bxd8 37. Be2 Nc2 38. Bf2 Be7 39. Bd1 Na1 40. Ba4 Kg8 41. Kg1 Bf8 42. Be8 Re7 43. Nd6 Rc7 44. Kf1 a5 45. Ke2 a4 46. Kd3 a3 47. bxa3 1-0

[Event "7.Città di Padova Open A"]
[Site "Padova"]
[Date "2004.12.19"]
[Round "5.3"]
[White "Stafie, Constantin"]
[Black "Cacco, Christian"]
[Result "0-1"]
[WhiteElo "2100"]
[BlackElo "2280"]
[Annotator "Gabriele Ballarin"]
[PlyCount "104"]
[EventDate "2004.12.11"]
[EventType "swiss"]
[EventRounds "6"]
[EventCountry "ITA"]

1. e4 g6 2. d4 Bg7 3. Nf3 d6 4. Nc3 a6 5. Be3 b5 6. a3 Nd7 7. d5 Bb7 8. Nd4 Ngf6 9. Be2 Nb6 10. Qd2 h6 11. O-O-O Qc8 12. f3 Nfd7 13. f4 Rb8 14. h4 h5 15. Nc6 Bxc6 16. dxc6 Nf6 17. Kb1 Ng4 18. Bd4 Bxd4 19. Qxd4 e5 20. fxe5 Nxe5 21. Nd5 Nxd5 22. exd5 O-O 23. Rdg1 f5 24. Rh3 Qd8 25. Rb3 Ra8 26. g3 Qf6 27. a4 Nf3 28. Qxf6 Nd2+ 29. Ka2 Rxf6 30. Rb4 Rf7 31. Rd4 Ne4 32. g4 hxg4 33. Bxg4 Rg7 34. Bf3 Nf6 35. Re1 Kf7 36. Re3 Rh7 37. axb5 axb5+ 38. Ra3 Rah8 39. Ra7 Ne8 40. Rb4 Rxh4 41. Rxb5 Rh3 42. Be2 Re3 43. Bd3 f4 44. Ra8 Rh5 45. Rxe8 Rxe8 46. Rb7 Kf6 47. c4 Rh3 48. Bxg6 Ra8+ 49. Kb1 Kxg6 50. Rxc7 f3 51. Rd7 Kf5 52. Re7 Rh6 0-1